Catálogo

El servicio personal de los indios en la Nueva España. (Registro nro. 59648)

Detalles MARC
000 -LEADER
fixed length control field 01460cam a2200325 i 4500
001 - CONTROL NUMBER
control field 59648
003 - CONTROL NUMBER IDENTIFIER
control field Mx-PuUPA
005 - DATE AND TIME OF LATEST TRANSACTION
control field 20250722110111.0
008 - FIXED-LENGTH DATA ELEMENTS--GENERAL INFORMATION
fixed length control field 140415s1995 mx gr 000 0 spa d
020 ## - INTERNATIONAL STANDARD BOOK NUMBER
International Standard Book Number 9681206118
Qualifying information obra completa
020 ## - INTERNATIONAL STANDARD BOOK NUMBER
International Standard Book Number 9681206134
Qualifying information t.7
040 ## - CATALOGING SOURCE
Original cataloging agency Mx-PuUPA
Language of cataloging spa
Transcribing agency Mx-PuUPA
Modifying agency Mx-PuUPA
Description conventions rda
041 0# - LANGUAGE CODE
Language code of text/sound track or separate title spa
100 1# - MAIN ENTRY--PERSONAL NAME
Personal name Zavala, Silvio,
Dates associated with a name 1909-2014
Relator term autor
9 (RLIN) 8987
245 13 - TITLE STATEMENT
Title El servicio personal de los indios en la Nueva España.
Number of part/section of a work Tomo VII.
Name of part/section of a work 1700-1821 /
Statement of responsibility, etc. Silvio Zavala.
250 ## - EDITION STATEMENT
Edition statement Primera edicion
264 #1 - PRODUCTION, PUBLICATION, DISTRIBUTION, MANUFACTURE, AND COPYRIGHT NOTICE
Place of production, publication, distribution, manufacture México :
Name of producer, publisher, distributor, manufacturer El Colegio de México :
-- El Colegio Nacional,
Date of production, publication, distribution, manufacture, or copyright notice 1995
300 ## - PHYSICAL DESCRIPTION
Extent 7 tomos (varias paginaciones) ;
Dimensions 22 cm.
336 ## - CONTENT TYPE
Content type term texto
Fuente rdacontent
Content type code txt
337 ## - MEDIA TYPE
Media type term sin medio
Source rdamedia
Media type code n
338 ## - CARRIER TYPE
Carrier type term volumen
Source rdacarrier
Carrier type code nc
650 #7 - SUBJECT ADDED ENTRY--TOPICAL TERM
Topical term or geographic name entry element Indigenas de México
General subdivision Relaciones gubernamentales
Source of heading or term armarc
650 #7 - SUBJECT ADDED ENTRY--TOPICAL TERM
Topical term or geographic name entry element Encomiendas (América Latina)
Source of heading or term armarc
650 #7 - SUBJECT ADDED ENTRY--TOPICAL TERM
Topical term or geographic name entry element Indígenas de México
General subdivision Empleo
-- Historia
Source of heading or term armarc
770 0# - SUPPLEMENT/SPECIAL ISSUE ENTRY
Main entry heading Zavala, Silvio.
Title El servicio personal de los indios en la Nueva España. Tomo IV. Suplemento a los tres tomos relativos al siglo XVI.
Edition Primera edición
Place, publisher, and date of publication México, D.F. : El Colegio de México : El Colegio Nacional, 1989.
Record control number (Mx-PuUPA) 24639
International Standard Book Number 9681204123
942 ## - ADDED ENTRY ELEMENTS (KOHA)
Source of classification or shelving scheme Dewey Decimal Classification
Koha item type Libro
Classification part 972.02
Item part Z32
Existencias
Withdrawn status Lost status Source of classification or shelving scheme Damaged status Not for loan Collection code Home library Current library Shelving location Date acquired Source of acquisition Serial Enumeration / chronology Total Checkouts Full call number Barcode Date last seen Price effective from Koha item type
    Dewey Decimal Classification     General Biblioteca Karol Wojtyla Biblioteca Karol Wojtyla Sala general 22/03/2017 Compra t.7   972.02 Z32 1995 90604 05/01/2026 22/03/2017 Libro